El Capital natural en Centroamérica /
Salvato in:
| Autore principale: | |
|---|---|
| Altri autori: | |
| Natura: | testo |
| Soggetti: | |
| Tags: |
Aggiungi Tag
Nessun Tag, puoi essere il primo ad aggiungerne!!
|
MARC
| LEADER | 00000 a a2200000 04500 | ||
|---|---|---|---|
| 001 | 7471 | ||
| 003 | |||
| 040 | |||
| 100 | |a Barrantes, Gerardo | ||
| 245 | |a El Capital natural en Centroamérica / |c Gerardo Barrantes | ||
| 650 | |a DESARROLLO SUSTENTABLE | ||
| 650 | |a MEDIO AMBIENTE | ||
| 650 | |a ECONOMIA | ||
| 650 | |a POLITICA | ||
| 650 | |a RECURSOS NATURALES | ||
| 650 | |a POBREZA | ||
| 650 | |a POLITICA | ||
| 700 | |a Castro, Edmundo | ||
| 773 | |g número 7; páginas 30-41 | ||
| 999 | |c 25956 |d 25956 | ||
